000 01092cam a2200337 ab4500
999 _c3963
_d3963
001 1611593
003 OSt
005 20241128092619.0
008 190429s2019 nyua j 6 000 1 eng d
020 _a9781338236576
_q(hbk.) :
040 _aKML
_beng
_cKML
_eaacr2
_dKH8
041 0 _aeng
042 _anbic
082 0 _a741.5973 PIL
100 1 _aPilkey, Dav,
_d1966-
245 1 0 _aDog Man : Brawl of the wild /
_cwritten and illustrated by Dav Pilkey as George Beard and Harold Hutchins ; with color by Jose Garibaldi.
250 _a1st ed.
260 _aNew York, NY :
_bGraphix, an imprint of Scholastic,
_c[2019]
300 _a221 p. :
_bcol. ill. ;
_c22 cm.
490 1 _aDog Man.
500 _a"Treehouse Comix proudly presents."
500 _aChiefly illustrations.
650 0 _aDogs
_vComic books, strips, etc.
650 0 _aDogs
_vJuvenile fiction.
650 0 _aPolice
_vComic books, strips, etc.
650 0 _aPolice
_vJuvenile fiction.
650 0 _aCats
_vComic books, strips, etc.
650 0 _aCats
_vJuvenile fiction.
830 0 _aDog Man.
942 _2ddc
_cNFIC